| 000 -LEADER |
| fixed length control field |
01114nam a2200229Ia 4500 |
| 001 - CONTROL NUMBER |
| control field |
10237 |
| 003 - CONTROL NUMBER IDENTIFIER |
| control field |
GE_BSU |
| 008 - FIXED-LENGTH DATA ELEMENTS--GENERAL INFORMATION |
| fixed length control field |
181216s||||||||xx |||||||||||||| ||und|| |
| 040 ## - CATALOGING SOURCE |
| Transcribing agency |
GE_BSU |
| 080 ## - UNIVERSAL DECIMAL CLASSIFICATION NUMBER |
| Universal Decimal Classification number |
821.353.1-11 |
| 100 ## - MAIN ENTRY--PERSONAL NAME |
| Personal name |
ტაბიძე, გალაკტიონ |
| 245 ## - TITLE STATEMENT |
| Title |
თხზულებანი თორმეტ ტომად |
| 245 ## - TITLE STATEMENT |
| Remainder of title |
ტ.10:პოემები |
| 245 ## - TITLE STATEMENT |
| Statement of responsibility, etc. |
ტომი გამოსაცემად მოამზადა ვარიანტ.და შენიშვნ.დაურთო იოსებ ლორთქიფანიძემ;სარედ.კოლეგია:გურამ გვერდწითელი,ალექსანდრე გომიაშვილი,ელგუჯა მაღრაძე და სხვ. |
| 260 ## - PUBLICATION, DISTRIBUTION, ETC. |
| Place of publication, distribution, etc. |
თბილისი. |
| 260 ## - PUBLICATION, DISTRIBUTION, ETC. |
| Name of publisher, distributor, etc. |
საბჭ.საქართველო |
| 260 ## - PUBLICATION, DISTRIBUTION, ETC. |
| Date of publication, distribution, etc. |
1973. |
| 300 ## - PHYSICAL DESCRIPTION |
| Extent |
443გვ;20სმ. |
| 653 ## - INDEX TERM--UNCONTROLLED |
| Uncontrolled term |
თხზულებანი თორმეტ ტომად |
| 653 ## - INDEX TERM--UNCONTROLLED |
| Uncontrolled term |
ტ.10:პოემები |
| 942 ## - ADDED ENTRY ELEMENTS (KOHA) |
| Koha item type |
წიგნი |